000
00292nam a2200121 a 4500
005
20140414131910.0
008
101011s19uu xx 00 eng d
050
_a
ER
_b
St6 2004
100
_a
Bruna, Dick
245
_a
A story to tell.
260
_b
Methuen Cildren's books.
999
_c
111162
_d
111162